| 000 | 00436cam a2200181ua 4500 | ||
|---|---|---|---|
| 020 | _c7.50 | ||
| 041 |
_ahin _h |
||
| 082 |
_a891.54 _bRAT/HI |
||
| 100 | _aRathakumud, Mukherjee . | ||
| 245 |
_aHindu sabhyatha / _cRathakumud Mukherjee. _hTextual Documents |
||
| 250 |
_a2 / _b. |
||
| 260 |
_aDelhi : _bRajkamal Prakash , _c1958. |
||
| 300 | _a344 ; . | ||
| 365 | _a7.50 | ||
| 504 | _a | ||
| 942 | _cBK | ||
| 999 |
_c8189 _d8189 |
||